A CRITICAL, ANNOTATED EDITION OF WILLIAM BARKSTED'S MIRRHA, THE MOTHER OF ADONIS(1607) AND HIREN OR THE FAIRE GREEKE (1611) / (Record no. 81198)
[ view plain ]
| 000 -LEADER | |
|---|---|
| fixed length control field | 01044nam a2200253 a 4500 |
| 001 - CONTROL NUMBER | |
| RUCL Control Number | 81198 |
| 003 - CONTROL NUMBER IDENTIFIER | |
| rucl marc code | BD-RjUL |
| 005 - DATE AND TIME OF LATEST TRANSACTION | |
| control field | 20230404123955.0 |
| 008 - FIXED-LENGTH DATA ELEMENTS--GENERAL INFORMATION | |
| fixed length control field | 230209s1994 bg ||||| m||| 00| 0 eng d |
| 035 ## - SYSTEM CONTROL NUMBER | |
| system control number | (BD-RjUL)81198 |
| 040 ## - CATALOGING SOURCE | |
| Original cataloging agency | BD-RjUL |
| Language of cataloging | eng |
| Transcribing agency | BD-RjUL |
| Modifying agency | BD-RjUL |
| 041 ## - LANGUAGE CODE | |
| Language code of Book | eng |
| 082 ## - DEWEY DECIMAL CLASSIFICATION NUMBER | |
| DDC Edition number | 23 |
| Classification number | 821.09 |
| Author mark and Year | ISC 1994 |
| 100 ## - MAIN ENTRY--PERSONAL NAME | |
| Personal name | Islam, Jahurul |
| 9 (RLIN) | 6920 |
| 245 10 - TITLE STATEMENT | |
| Title | A CRITICAL, ANNOTATED EDITION OF WILLIAM BARKSTED'S MIRRHA, THE MOTHER OF ADONIS(1607) AND HIREN OR THE FAIRE GREEKE (1611) / |
| Statement of responsibility, etc | by Jahurul Islam |
| Name of Supervisor/Co-Supervisor | Supervisor : Aali Areefur Rehman |
| 260 ## - PUBLICATION, DISTRIBUTION, ETC. (IMPRINT) | |
| Place of publication, distribution, etc | Rajshahi : |
| Name of publisher, distributor, etc | Department of English, University of Rajshahi |
| Date of publication, distribution, etc | 1994 |
| 300 ## - PHYSICAL DESCRIPTION | |
| Pagination | 1vii, [3], 183 leaves : |
| Dimensions | 29 cm. |
| 502 ## - DISSERTATION NOTE | |
| Dissertation note | Thesis(M.Phil.)-- Department of English,University of Rajshahi,1994 |
| 504 ## - BIBLIOGRAPHY, ETC. NOTE | |
| Bibliography, etc | Bibliography : Leaves 178-183 |
| 600 ## - SUBJECT ADDED ENTRY--PERSONAL NAME | |
| Personal name | William Barksted's Mirrha & Hiren |
| Dates associated with a name | 1607 - 1611 |
| General subdivision | Criticism and Interpretation |
| -- | 6921 |
| 650 ## - SUBJECT ADDED ENTRY--TOPICAL TERM | |
| Topical term or geographic name as entry element | English Poetry |
| General subdivision | History and biography |
| 9 (RLIN) | 6922 |
| 700 ## - ADDED ENTRY--SUPERVISOR/CO-SUPERVISOR NAME | |
| Personal name | Rehman, Aali Areefur, Supervisor |
| 9 (RLIN) | 3456 |
| 942 ## - ADDED ENTRY ELEMENTS (KOHA) | |
| Source of classification or shelving scheme | Dewey Decimal Classification |
| Koha item type | Theses |
| Source of classification or shelving scheme | Damaged status | Not for loan | Collection code | Permanent Location | Current Location | Shelving location | Date of accession | Source of acquisition | Total Checkouts | Full call number | Barcode | Date last seen | Copy number | Thesis |
|---|---|---|---|---|---|---|---|---|---|---|---|---|---|---|
| Dewey Decimal Classification | Not For Loan | Theses | Central Library, University of Rajshahi | Central Library, University of Rajshahi | Documentation Section | 12/06/1995 | Controller of Exam. R.U. | THE 821.09 ISC 1994 | D1780 | 09/02/2023 | C-1 | Theses |